[Event "Belt and Road Hunan Open 2019"]
[Site "Changsha"]
[Date "2019.08.03"]
[Round "6"]
[White "Megaranto, Susanto"]
[Black "Le, Quang Liem"]
[Result "1/2-1/2"]
[WhiteElo "2545"]
[BlackElo "2713"]
[PlyCount "109"]
[EventDate "2019.07.29"]

1. e4 c5 2. Nf3 Nc6 3. Bb5 g6 4. O-O Bg7 5. Re1 e5 6. Bxc6 dxc6 7. b3 Nh6 8. d3
O-O 9. Nbd2 f6 10. a4 a5 11. Nc4 Be6 12. h3 Nf7 13. Bd2 Qc7 14. Qe2 b6 15. Nh2
Rae8 16. Rad1 Bc8 17. c3 Be6 18. Rb1 Ra8 19. Be3 Rfd8 20. Nf3 Nd6 21. Nfd2 Nb7
22. Nf3 Bf7 23. d4 b5 24. Ncd2 cxd4 25. cxd4 exd4 26. Bxd4 c5 27. Ba1 bxa4 28.
bxa4 c4 29. e5 Re8 30. Ne4 fxe5 31. Rb5 Re7 32. Rc1 Nd6 33. Nxd6 Qxd6 34. Ng5
Qa3 35. Rcb1 Qxa4 36. Bc3 Qa3 37. Ne4 Ree8 38. Rb7 Bd5 39. Ra1 Qf8 40. Rb5 Bf7
41. Raxa5 Rxa5 42. Rxa5 h6 43. Qb2 Qe7 44. Qb6 Qe6 45. Qc7 Re7 46. Qb8+ Kh7 47.
Bb4 Rd7 48. Bd6 c3 49. Rc5 Qa2 50. Nxc3 Qd2 51. Bxe5 Rd8 52. Qc7 Rd7 53. Qb8
Rd8 54. Qc7 Rd7 55. Qb8 1/2-1/2

[Event "Belt and Road Hunan Open 2019"]
[Site "Changsha"]
[Date "2019.08.03"]
[Round "6"]
[White "Xu, Yinglun"]
[Black "Wei, Yi"]
[Result "1/2-1/2"]
[WhiteElo "2562"]
[BlackElo "2737"]
[PlyCount "158"]
[EventDate "2019.07.29"]

1. c4 e5 2. Nc3 Nf6 3. g3 d5 4. cxd5 Nxd5 5. Bg2 Nb6 6. Nf3 Nc6 7. O-O Be7 8.
d3 O-O 9. a3 Re8 10. b4 Bf8 11. Bb2 Bg4 12. Re1 a5 13. b5 Nd4 14. Nxd4 exd4 15.
Nb1 Rb8 16. h3 Be6 17. Nd2 Qd7 18. h4 a4 19. Nf3 Qxb5 20. Bxd4 c5 21. Bc3 Bb3
22. Qc1 Rbc8 23. Nd2 c4 24. d4 Nd5 25. Bxd5 Qxd5 26. e4 Qd7 27. e5 h6 28. Ne4
Rcd8 29. Kg2 b5 30. f3 Qb7 31. Qf4 Re6 32. h5 b4 33. axb4 Bxb4 34. Re2 Qb6 35.
Bxb4 Qxb4 36. Qe3 c3 37. Qxc3 Qxc3 38. Nxc3 Rxd4 39. Ra3 Rc6 40. Re3 Kf8 41. g4
Ke7 42. Ne4 Ke6 43. Nd6 Rc2+ 44. Kg3 Rdd2 45. f4 Rg2+ 46. Kh3 Rh2+ 47. Kg3
Rhg2+ 48. Kh3 Rh2+ 49. Kg3 Rcg2+ 50. Kf3 Bd5+ 51. Ne4 Rf2+ 52. Kg3 Rfg2+ 53.
Kf3 Ra2 54. Rxa2 Rxa2 55. Kg3 a3 56. Nc3 Rg2+ 57. Kh3 a2 58. f5+ Kd7 59. Nxd5
a1=Q 60. e6+ fxe6 61. fxe6+ Ke8 62. Nc7+ Ke7 63. Nd5+ Ke8 64. Nc7+ Kd8 65. e7+
Kxc7 66. Kxg2 Qa8+ 67. Kg3 Qe8 68. Kh3 Kd7 69. Re1 Kd6 70. Re3 Kd5 71. Re1 Kd4
72. Re6 Kd3 73. Re5 Qc6 74. e8=Q Qh1+ 75. Kg3 Qg1+ 76. Kh3 Qf1+ 77. Kg3 Qg1+
78. Kh3 Qh1+ 79. Kg3 Qg1+ 1/2-1/2

[Event "Belt and Road Hunan Open 2019"]
[Site "Changsha"]
[Date "2019.08.04"]
[Round "7"]
[White "Yu, Yangyi"]
[Black "Amin, Bassem"]
[Result "1/2-1/2"]
[WhiteElo "2736"]
[BlackElo "2707"]
[PlyCount "77"]
[EventDate "2019.07.29"]

1. d4 Nf6 2. c4 g6 3. g3 Bg7 4. Bg2 O-O 5. Nf3 d6 6. O-O Nbd7 7. Nc3 e5 8. e4
c6 9. h3 Qb6 10. Re1 exd4 11. Nxd4 Re8 12. Re2 Qb4 13. Rc2 Nc5 14. a3 Qb6 15.
Be3 Qd8 16. f3 a5 17. Rd2 Nfd7 18. b3 f5 19. Rb1 fxe4 20. f4 a4 21. b4 Nb3 22.
Re2 Qf6 23. Rxb3 axb3 24. Qxb3 Nc5 25. Qa2 Na4 26. Nxa4 Rxa4 27. Qb3 Ra8 28. a4
Qf7 29. a5 Bd7 30. Kh2 h5 31. Rd2 Be6 32. Nxe6 Qxe6 33. h4 Kh7 34. Qd1 Bf8 35.
Rd4 Qf5 36. Bh3 Qf7 37. Bg2 Qf5 38. Bh3 Qf7 39. Bg2 1/2-1/2

[Event "Belt and Road Hunan Open 2019"]
[Site "Changsha"]
[Date "2019.08.04"]
[Round "7"]
[White "Wang, Hao"]
[Black "Lupulescu, Constantin"]
[Result "1-0"]
[WhiteElo "2725"]
[BlackElo "2649"]
[PlyCount "95"]
[EventDate "2019.07.29"]

1. e4 e6 2. d4 d5 3. Nc3 Nf6 4. e5 Nfd7 5. Nce2 c5 6. c3 Nc6 7. f4 Be7 8. Nf3
O-O 9. Be3 b5 10. dxc5 Nxc5 11. Ng3 Rb8 12. Rc1 Bd7 13. b4 Na4 14. Bd3 f5 15.
exf6 Bxf6 16. O-O Be8 17. Qc2 h6 18. Ne2 Qd6 19. Ned4 Nxd4 20. Nxd4 a6 21. Qd2
Bf7 22. g4 e5 23. Nf5 Qe6 24. fxe5 Bxe5 25. Bd4 Rbe8 26. Rce1 Bxd4+ 27. cxd4
Qd7 28. Nxh6+ gxh6 29. Qxh6 Qxg4+ 30. Kh1 Qg7 31. Rg1 Bg6 32. Qxg7+ Kxg7 33.
Rxg6+ Kf7 34. Reg1 Re3 35. Rg7+ Ke6 36. Bh7 Ref3 37. Ra7 Rf1 38. Bg8+ Kd6 39.
Rxa6+ Ke7 40. Bxd5 Nc3 41. Re6+ Kd7 42. Bb3 R8f2 43. Rxf1 Rxf1+ 44. Kg2 Rb1 45.
Rf6 Ne2 46. Rf1 Rxf1 47. Kxf1 Nxd4 48. Kf2 1-0

[Event "Belt and Road Hunan Open 2019"]
[Site "Changsha"]
[Date "2019.08.04"]
[Round "7"]
[White "Matlakov, Maxim"]
[Black "Nguyen, Ngoc Truong Son"]
[Result "1/2-1/2"]
[WhiteElo "2701"]
[BlackElo "2636"]
[PlyCount "54"]
[EventDate "2019.07.29"]

1. c4 e6 2. Nc3 d5 3. d4 Be7 4. cxd5 exd5 5. Bf4 Nf6 6. e3 O-O 7. Bd3 c5 8.
Nge2 Nc6 9. O-O h6 10. dxc5 Bxc5 11. Rc1 Bd6 12. Qa4 Bg4 13. h3 Bxe2 14. Bxe2
Bxf4 15. Qxf4 Qb8 16. Qa4 Rd8 17. Rfd1 Qe5 18. Qb5 Rab8 19. Bf3 a6 20. Qc5 d4
21. exd4 Rxd4 22. Qxe5 Rxd1+ 23. Rxd1 Nxe5 24. Be2 Rc8 25. Rd4 Kf8 26. f4 Nc6
27. Rd2 Na5 1/2-1/2

[Event "Belt and Road Hunan Open 2019"]
[Site "Changsha"]
[Date "2019.08.04"]
[Round "7"]
[White "Wei, Yi"]
[Black "Zeng, Chongsheng"]
[Result "1-0"]
[WhiteElo "2737"]
[BlackElo "2551"]
[PlyCount "75"]
[EventDate "2019.07.29"]

1. e4 e5 2. Nf3 Nc6 3. Bc4 Bc5 4. d3 Nf6 5. h3 d6 6. c3 O-O 7. Bg5 h6 8. Bh4 g5
9. Bg3 Nh5 10. Bh2 Qf6 11. Nbd2 a5 12. Qe2 Nf4 13. Bxf4 gxf4 14. O-O-O Kh8 15.
g4 Rb8 16. Rdg1 Rg8 17. g5 hxg5 18. Rh2 Rg7 19. Rhg2 g4 20. hxg4 Rh7 21. g5 Qg6
22. Bxf7 Rxf7 23. Nh4 Qg7 24. g6 Rf6 25. Rg5 f3 26. Rh5+ Kg8 27. Ndxf3 Rf4 28.
d4 exd4 29. Qc4+ Kf8 30. Nf5 Bxf5 31. exf5 Nd8 32. Rh7 Rxf5 33. Rxg7 Kxg7 34.
Qe2 Nc6 35. Qe6 Rxf3 36. Qd7+ Kf8 37. Rh1 Rf7 38. Qxf7# 1-0

[Event "Belt and Road Hunan Open 2019"]
[Site "Changsha"]
[Date "2019.08.04"]
[Round "7"]
[White "Le, Quang Liem"]
[Black "Xu, Yinglun"]
[Result "1/2-1/2"]
[WhiteElo "2713"]
[BlackElo "2562"]
[PlyCount "98"]
[EventDate "2019.07.29"]

1. e4 e6 2. d4 d5 3. Nc3 dxe4 4. Nxe4 Nd7 5. Nf3 Ngf6 6. Nxf6+ Nxf6 7. Ne5 Be7
8. Bd3 c5 9. dxc5 O-O 10. O-O Bxc5 11. Bg5 h6 12. Bf4 Nd5 13. Bg3 Nb4 14. Qe2
Nxd3 15. Rad1 Qa5 16. Rxd3 f6 17. a3 fxe5 18. b4 Qa4 19. bxc5 Bd7 20. Rb3 Bc6
21. Bxe5 Qe4 22. Qxe4 Bxe4 23. Re1 Bc6 24. h4 Rf7 25. c4 Re8 26. Rd3 Kh7 27.
Ree3 g6 28. Rd6 h5 29. f3 Kg8 30. Kh2 Rf5 31. Rd4 Re7 32. Bb8 Re8 33. Bxa7 e5
34. Rd6 Kf7 35. Kg3 Ra8 36. Bb6 Ra4 37. Rc3 Rf4 38. Re3 Rf5 39. Rd5 Ke6 40. Rd8
Rxc4 41. Rh8 e4 42. Rh6 Kf7 43. Rh7+ Kg8 44. Rc7 exf3 45. gxf3 Rcf4 46. Rc8+
Kf7 47. Rc7+ Kg8 48. Rc8+ Kf7 49. Rc7+ Kg8 1/2-1/2

[Event "Belt and Road Hunan Open 2019"]
[Site "Changsha"]
[Date "2019.08.05"]
[Round "8"]
[White "Wang, Hao"]
[Black "Ganguly, Surya Shekhar"]
[Result "0-1"]
[WhiteElo "2725"]
[BlackElo "2638"]
[PlyCount "76"]
[EventDate "2019.07.29"]

1. c4 Nf6 2. Nc3 e6 3. d4 Bb4 4. e3 O-O 5. Bd3 d5 6. Nf3 dxc4 7. Bxc4 c5 8. O-O
cxd4 9. exd4 b6 10. Bg5 Bb7 11. Rc1 Nc6 12. a3 Be7 13. Qd3 h6 14. Bh4 Nh5 15.
Bg3 Nxg3 16. hxg3 Bf6 17. Rfd1 Ne7 18. Ne4 Nd5 19. Ba6 Qe7 20. Ne5 Rfd8 21. Qe2
Bxa6 22. Qxa6 Bxe5 23. dxe5 Rd7 24. Rd2 Rad8 25. Qe2 Rc7 26. Rcd1 Rdc8 27. Nd6
Rf8 28. Rd4 f6 29. Nb5 Rd7 30. exf6 Qxf6 31. Re4 a6 32. Nd4 Nc7 33. Rd3 Rfd8
34. Rf3 Qg5 35. Rff4 Nd5 36. Nxe6 Nxf4 37. Rxf4 Re7 38. Re4 Qd5 0-1

[Event "Belt and Road Hunan Open 2019"]
[Site "Changsha"]
[Date "2019.08.05"]
[Round "8"]
[White "Vallejo Pons, Francisco"]
[Black "Yu, Yangyi"]
[Result "1/2-1/2"]
[WhiteElo "2687"]
[BlackElo "2736"]
[PlyCount "54"]
[EventDate "2019.07.29"]

1. e4 c5 2. Nf3 e6 3. Nc3 d6 4. d4 cxd4 5. Nxd4 Nf6 6. g4 h6 7. Rg1 Nc6 8. h4
d5 9. exd5 Nxd5 10. Nxd5 exd5 11. Be3 Qxh4 12. Qf3 Nxd4 13. Bxd4 Qe7+ 14. Be2
Qe4 15. O-O-O Qxf3 16. Bxf3 Be6 17. Rge1 Kd7 18. Be5 Rd8 19. Bxd5 Bxd5 20.
Rxd5+ Kc8 21. Rxd8+ Kxd8 22. Bd4 a6 23. Kd2 f6 24. c3 Kd7 25. a4 h5 26. gxh5
Rxh5 27. b4 Rh3 1/2-1/2

[Event "Belt and Road Hunan Open 2019"]
[Site "Changsha"]
[Date "2019.08.05"]
[Round "8"]
[White "Amin, Bassem"]
[Black "Cheparinov, Ivan"]
[Result "1-0"]
[WhiteElo "2707"]
[BlackElo "2666"]
[PlyCount "55"]
[EventDate "2019.07.29"]

1. e4 e5 2. Nf3 Nc6 3. Bc4 Nf6 4. d3 h6 5. O-O d6 6. c3 g5 7. Bb3 Bg7 8. Nbd2
a6 9. Nc4 Be6 10. Re1 g4 11. Nfd2 Qd7 12. a4 h5 13. a5 h4 14. Nf1 O-O-O 15. Ba4
g3 16. fxg3 h3 17. gxh3 Rxh3 18. b4 Qe7 19. Nce3 d5 20. Ba3 Qe8 21. b5 axb5 22.
Bxb5 dxe4 23. a6 b6 24. Qa4 Bd7 25. Nf5 Bxf5 26. a7 Kb7 27. Be7 Bd7 28. Bxd8
1-0

[Event "Belt and Road Hunan Open 2019"]
[Site "Changsha"]
[Date "2019.08.05"]
[Round "8"]
[White "Nguyen, Ngoc Truong Son"]
[Black "Wei, Yi"]
[Result "1/2-1/2"]
[WhiteElo "2636"]
[BlackElo "2737"]
[PlyCount "40"]
[EventDate "2019.07.29"]

1. d4 Nf6 2. c4 g6 3. Nc3 d5 4. cxd5 Nxd5 5. e4 Nxc3 6. bxc3 Bg7 7. Nf3 c5 8.
Be3 Nc6 9. Rc1 cxd4 10. cxd4 O-O 11. Qd2 Bg4 12. d5 Bxf3 13. gxf3 Ne5 14. Be2
Qd7 15. h3 Rac8 16. Kf1 Rxc1+ 17. Qxc1 Rc8 18. Qb1 Nc4 19. Bxc4 Rxc4 20. Kg2 b6
1/2-1/2

[Event "Belt and Road Hunan Open 2019"]
[Site "Changsha"]
[Date "2019.08.05"]
[Round "8"]
[White "Parligras, Mircea-Emilian"]
[Black "Matlakov, Maxim"]
[Result "1/2-1/2"]
[WhiteElo "2638"]
[BlackElo "2701"]
[PlyCount "42"]
[EventDate "2019.07.29"]

1. d4 Nf6 2. c4 e6 3. Nc3 Bb4 4. Qc2 d5 5. a3 Bxc3+ 6. Qxc3 Ne4 7. Qc2 c5 8.
dxc5 Nc6 9. Nf3 Qa5+ 10. Bd2 Qxc5 11. e3 Nxd2 12. Nxd2 O-O 13. b4 Qe7 14. Bd3
h6 15. O-O Rd8 16. Nf3 dxc4 17. Qxc4 a6 18. Rfd1 Bd7 19. Rac1 Rac8 20. Qb3 Be8
21. h3 Rd6 1/2-1/2

[Event "Belt and Road Hunan Open 2019"]
[Site "Changsha"]
[Date "2019.08.05"]
[Round "8"]
[White "Zeng, Chongsheng"]
[Black "Le, Quang Liem"]
[Result "1-0"]
[WhiteElo "2551"]
[BlackElo "2713"]
[PlyCount "75"]
[EventDate "2019.07.29"]

1. e4 c5 2. Nf3 Nc6 3. d4 cxd4 4. Nxd4 e6 5. Nc3 Qc7 6. Be3 a6 7. Qd2 Be7 8.
O-O-O Nf6 9. f3 b5 10. Nxc6 dxc6 11. g4 e5 12. h4 Be6 13. Qf2 h5 14. g5 Nd7 15.
Bh3 Bxh3 16. Rxh3 O-O-O 17. f4 Bb4 18. Rd3 Kb7 19. f5 Nb6 20. Bc5 Bxc5 21. Qxc5
Rd7 22. Rxd7 Nxd7 23. Qg1 Qb6 24. Qd1 Kc8 25. Rd3 Nc5 26. Rd6 Qc7 27. a3 Nb7
28. Rd3 g6 29. Nd5 Qd8 30. Nb4 Qb6 31. Nxc6 Qxc6 32. Rc3 Nc5 33. Qg1 Kb7 34.
Qxc5 Qxe4 35. Kb1 Qd4 36. Qc7+ Ka8 37. Rc6 Qa7 38. Qd6 1-0

[Event "Belt and Road Hunan Open 2019"]
[Site "Changsha"]
[Date "2019.08.06"]
[Round "9"]
[White "Anton Guijarro, David"]
[Black "Amin, Bassem"]
[Result "1/2-1/2"]
[WhiteElo "2678"]
[BlackElo "2707"]
[PlyCount "61"]
[EventDate "2019.07.29"]

1. d4 Nf6 2. c4 g6 3. Nc3 Bg7 4. e4 d6 5. h3 O-O 6. Be3 c6 7. Nf3 Na6 8. Bd3 e5
9. d5 Nh5 10. O-O Nf4 11. Bc2 Qf6 12. Kh2 Bd7 13. a3 Rfc8 14. Ng1 cxd5 15. cxd5
Qd8 16. Rc1 b5 17. g3 Nh5 18. Bd3 Qe8 19. Qe2 Nc7 20. Rc2 f5 21. Rfc1 Rcb8 22.
Nb1 Nxd5 23. exd5 e4 24. Bxe4 fxe4 25. Qd2 a5 26. Bd4 Nf6 27. Ne2 b4 28. Nf4 g5
29. Ne6 Bxe6 30. dxe6 Qxe6 31. Qxg5 1/2-1/2

[Event "Belt and Road Hunan Open 2019"]
[Site "Changsha"]
[Date "2019.08.06"]
[Round "9"]
[White "Yu, Yangyi"]
[Black "Parligras, Mircea-Emilian"]
[Result "1-0"]
[WhiteElo "2736"]
[BlackElo "2638"]
[PlyCount "109"]
[EventDate "2019.07.29"]

1. d4 Nf6 2. c4 e6 3. Nc3 Bb4 4. Nf3 b6 5. Qc2 Bb7 6. a3 Bxc3+ 7. Qxc3 O-O 8.
Bg5 d6 9. Nd2 Nbd7 10. f3 Rc8 11. e3 c5 12. Be2 h6 13. Bh4 d5 14. dxc5 Rxc5 15.
b4 Rc8 16. Qb2 Qc7 17. Bg3 Qd8 18. O-O Nh5 19. Bf2 Qf6 20. Qxf6 Nhxf6 21. Rfc1
Ne5 22. cxd5 Nxd5 23. Bg3 Ng6 24. Nc4 Ba6 25. Kf2 Rfd8 26. Nxb6 Rxc1 27. Rxc1
Bxe2 28. Nxd5 Bb5 29. Nc3 Rc8 30. Bd6 a6 31. e4 Rc6 32. Bc5 Ne5 33. Rc2 Bc4 34.
Ne2 Bb3 35. Rd2 Rc8 36. Rd4 f6 37. Nc1 Ba4 38. Rd6 Rc6 39. Rd8+ Kh7 40. Ne2 Rc7
41. Nf4 Bb3 42. Re8 a5 43. Kg3 axb4 44. axb4 Rc6 45. h4 Bc4 46. h5 g5 47. hxg6+
Nxg6 48. Nh5 f5 49. Rd8 Ne5 50. Bd4 Nd3 51. Rd7+ Kg8 52. Bg7 Kh7 53. Bf6+ Kg8
54. Rg7+ Kf8 55. Be7+ 1-0

[Event "Belt and Road Hunan Open 2019"]
[Site "Changsha"]
[Date "2019.08.06"]
[Round "9"]
[White "Zhao, Jun"]
[Black "Wang, Hao"]
[Result "0-1"]
[WhiteElo "2636"]
[BlackElo "2725"]
[PlyCount "76"]
[EventDate "2019.07.29"]

1. e4 c5 2. Nf3 Nc6 3. Bb5 g6 4. Bxc6 dxc6 5. d3 Bg7 6. h3 Nf6 7. Nc3 Nd7 8.
Be3 e5 9. Qd2 h6 10. O-O b6 11. a3 Nf8 12. b4 Ne6 13. bxc5 f5 14. exf5 gxf5 15.
Qc1 e4 16. dxe4 f4 17. Rd1 Qe7 18. Bd4 Rg8 19. Qd2 Nxd4 20. Nxd4 Bxd4 21. Qxd4
Bxh3 22. g3 fxg3 23. f4 Kf7 24. cxb6 Rad8 25. Qe3 Qh4 26. Rxd8 Rxd8 27. Ne2 Rg8
28. bxa7 Be6 29. a8=Q Rxa8 30. Nxg3 Rg8 31. Qa7+ Kf8 32. Qc5+ Ke8 33. Qxc6+ Bd7
34. Qa8+ Kf7 35. Qd5+ Be6 36. Qb7+ Kf8 37. Qb8+ Kg7 38. Qe5+ Kh7 0-1

[Event "Belt and Road Hunan Open 2019"]
[Site "Changsha"]
[Date "2019.08.06"]
[Round "9"]
[White "Matlakov, Maxim"]
[Black "Wen, Yang"]
[Result "1-0"]
[WhiteElo "2701"]
[BlackElo "2586"]
[PlyCount "101"]
[EventDate "2019.07.29"]

1. d4 d5 2. c4 c6 3. Nf3 Nf6 4. Nc3 dxc4 5. e4 b5 6. Be2 b4 7. Na4 Nxe4 8. Bxc4
e6 9. O-O Be7 10. Re1 Nf6 11. Bg5 Nbd7 12. Qc2 O-O 13. Rad1 Nd5 14. Bxe7 Qxe7
15. Ne5 N7b6 16. Bd3 Nf6 17. Nc5 Nbd5 18. Bc4 a5 19. Rd3 Nb6 20. Bb3 Nfd5 21.
Rh3 h6 22. Re4 f5 23. Re1 Qd6 24. Rg3 Rf6 25. a3 Ra7 26. h3 Kh7 27. h4 Rc7 28.
Qd2 Ra7 29. Ba2 Bd7 30. Bxd5 Nxd5 31. Nexd7 Rxd7 32. Nxd7 Qxd7 33. Rc1 Rf8 34.
Qc2 Nf4 35. Rd1 Rb8 36. Rf3 Nd5 37. Re1 Kh8 38. Re5 bxa3 39. bxa3 Nf6 40. Rb3
Rxb3 41. Qxb3 Ng4 42. Re2 Qxd4 43. Qxe6 Qd1+ 44. Re1 Qc2 45. Qe2 Qc5 46. Qf3
Nf6 47. g3 Ne4 48. g4 Nd6 49. Re6 Kg8 50. Qf4 Nb5 51. Re8+ 1-0

[Event "Belt and Road Hunan Open 2019"]
[Site "Changsha"]
[Date "2019.08.06"]
[Round "9"]
[White "Le, Quang Liem"]
[Black "Gusain, Himal"]
[Result "1-0"]
[WhiteElo "2713"]
[BlackElo "2407"]
[PlyCount "105"]
[EventDate "2019.07.29"]

1. c4 f5 2. g3 Nf6 3. Bg2 g6 4. Nc3 Bg7 5. d3 d6 6. e4 fxe4 7. dxe4 O-O 8. Nge2
c5 9. O-O Nc6 10. h3 e5 11. Nd5 Nd4 12. Bg5 Qd7 13. Nxd4 cxd4 14. Qd3 Rf7 15.
Bxf6 Bxf6 16. f4 b6 17. f5 g5 18. Rac1 Bb7 19. Rc2 Qd8 20. Bf3 Rc8 21. Rfc1 a5
22. Qb3 Bxd5 23. cxd5 Rc5 24. Bd1 Kf8 25. a3 Ra7 26. Kf1 Be7 27. Ke1 Ra8 28.
Bg4 Bf6 29. Qd3 Rac8 30. b4 axb4 31. axb4 Rxc2 32. Rxc2 Qd7 33. Be2 Bd8 34. Kf2
Rc7 35. Ra2 Ra7 36. Ra6 Rxa6 37. Qxa6 Qc7 38. Qa8 Ke7 39. Qc6 Qxc6 40. dxc6 d5
41. exd5 Bc7 42. Kf3 Bd6 43. Ke4 Bxb4 44. f6+ Kd6 45. f7 Kc7 46. Kxe5 Bf8 47.
Bd3 h6 48. Kxd4 Bd6 49. Ke4 Kd8 50. Kf5 Ke7 51. Kg6 Kf8 52. g4 Be5 53. Kf5 1-0

[Event "GCT Saint Louis (rapid) 2019"]
[Site "Saint Louis USA"]
[Date "2019.08.10"]
[Round "1"]
[White "Yu, Yangyi"]
[Black "Rapport, Richard"]
[Result "0-1"]
[WhiteElo "2752"]
[BlackElo "2747"]
[PlyCount "122"]
[EventDate "2019.08.10"]

1. d4 d5 2. c4 Nc6 3. Nc3 Nf6 4. Nf3 dxc4 5. e4 Bg4 6. Be3 e6 7. Bxc4 Bb4 8.
Qd3 Bh5 9. Bb5 Bg6 10. Nd2 O-O 11. O-O Ng4 12. Bxc6 Qd6 13. f4 Qxc6 14. a3 Ba5
15. Kh1 Nxe3 16. Qxe3 f6 17. b4 Bb6 18. Nb3 e5 19. fxe5 fxe5 20. Nc5 exd4 21.
Qxd4 Qd6 22. Qd5+ Qxd5 23. exd5 Rxf1+ 24. Rxf1 a5 25. N3a4 axb4 26. axb4 Bxc5
27. Nxc5 Bf7 28. Ne6 Bxe6 29. dxe6 Re8 30. Re1 Kf8 31. Rf1+ Kg8 32. Re1 Kf8 33.
Rf1+ Ke7 34. Rf7+ Kxe6 35. Rxc7 Kd6 36. Rc1 Re4 37. Rb1 b5 38. Kg1 Kd5 39. Kf2
g5 40. Kf3 h5 41. h3 Rc4 42. Rd1+ Rd4 43. Rb1 Rd3+ 44. Kf2 Rd4 45. Ke3 Re4+ 46.
Kd3 Ke5 47. Rb2 Rd4+ 48. Ke3 Rc4 49. Kd3 h4 50. Re2+ Kf5 51. Rf2+ Rf4 52. Rb2
g4 53. Ke3 Re4+ 54. Kd3 Rc4 55. Ke3 Ke5 56. Rb3 Rc2 57. Ra3 Rxg2 58. Ra5 Rg3+
59. Kf2 Rxh3 60. Rxb5+ Kf4 61. Kg2 Rb3 0-1

[Event "GCT Saint Louis (rapid) 2019"]
[Site "Saint Louis USA"]
[Date "2019.08.10"]
[Round "1"]
[White "Vachier-Lagrave, Maxime"]
[Black "Aronian, Levon"]
[Result "0-1"]
[WhiteElo "2778"]
[BlackElo "2765"]
[PlyCount "90"]
[EventDate "2019.08.10"]

1. e4 e5 2. Nf3 Nc6 3. Bc4 Nf6 4. d3 Bc5 5. c3 O-O 6. O-O d6 7. Re1 a6 8. a4
Ba7 9. h3 Kh8 10. d4 Ng8 11. dxe5 Nxe5 12. Nxe5 dxe5 13. Qxd8 Rxd8 14. Nd2 g6
15. Nf3 f6 16. b3 Bd7 17. Ba3 Bc6 18. g4 g5 19. Kg2 Kg7 20. a5 Nh6 21. Kg3 Nf7
22. Rad1 Rxd1 23. Rxd1 Rd8 24. Rxd8 Nxd8 25. Be7 Nf7 26. Nd2 Nh8 27. Bd8 Bb8
28. Bd5 Ng6 29. Nc4 Bxd5 30. exd5 Nf4 31. Ne3 Ne2+ 32. Kf3 Nxc3 33. Be7 Ba7 34.
d6 cxd6 35. Nf5+ Kf7 36. Bxd6 e4+ 37. Kg2 Ke6 38. Ba3 Nd5 39. Nd6 e3 40. fxe3
Nxe3+ 41. Kf3 Nc2 42. Nc4 Nd4+ 43. Ke4 Nxb3 44. Bb4 Nc5+ 45. Kf3 Nd3 0-1

[Event "GCT Saint Louis (rapid) 2019"]
[Site "Saint Louis USA"]
[Date "2019.08.10"]
[Round "1"]
[White "Karjakin, Sergey"]
[Black "Caruana, Fabiano"]
[Result "1/2-1/2"]
[WhiteElo "2750"]
[BlackElo "2818"]
[PlyCount "83"]
[EventDate "2019.08.10"]

1. Nf3 d5 2. g3 g6 3. Bg2 Bg7 4. d4 Nf6 5. O-O O-O 6. c4 dxc4 7. Na3 c5 8. dxc5
c3 9. Nb5 Na6 10. Nxc3 Nxc5 11. Be3 Nce4 12. Nxe4 Nxe4 13. Bd4 Bxd4 14. Qxd4
Qxd4 15. Nxd4 Nd6 16. Rfc1 Rd8 17. f4 Kf8 18. Kf2 Bg4 19. h3 Bd7 20. Rc7 Rac8
21. Rac1 Ke8 22. g4 Rxc7 23. Rxc7 Rc8 24. Rxc8+ Bxc8 25. b3 Bd7 26. e4 Nb5 27.
Ke3 Nxd4 28. Kxd4 h6 29. e5 b6 30. g5 hxg5 31. fxg5 e6 32. Kc4 Kd8 33. h4 Kc7
34. Bf3 Kd8 35. b4 Ba4 36. b5 Bc2 37. Kb4 Bf5 38. a4 Ke7 39. a5 Bd3 40. a6 Bf1
41. Bc6 Bd3 42. Kc3 1/2-1/2

[Event "GCT Saint Louis (rapid) 2019"]
[Site "Saint Louis USA"]
[Date "2019.08.10"]
[Round "2"]
[White "Caruana, Fabiano"]
[Black "Mamedyarov, Shakhriyar"]
[Result "1/2-1/2"]
[WhiteElo "2818"]
[BlackElo "2764"]
[PlyCount "45"]
[EventDate "2019.08.10"]

1. e4 e5 2. Nf3 Nc6 3. Bc4 Bc5 4. c3 Nf6 5. d3 d6 6. O-O h6 7. Re1 O-O 8. h3 a5
9. Nbd2 Be6 10. Bb5 Qb8 11. Nf1 Qa7 12. Re2 a4 13. Ng3 Rfd8 14. Bxc6 bxc6 15.
d4 Bb6 16. Be3 Qa5 17. Rc2 Qb5 18. Qc1 exd4 19. cxd4 Nh5 20. Ne2 Nf6 21. Ng3
Nh5 22. Ne2 Nf6 23. Ng3 1/2-1/2

[Event "GCT Saint Louis (rapid) 2019"]
[Site "Saint Louis USA"]
[Date "2019.08.10"]
[Round "2"]
[White "Yu, Yangyi"]
[Black "Vachier-Lagrave, Maxime"]
[Result "1/2-1/2"]
[WhiteElo "2752"]
[BlackElo "2778"]
[PlyCount "131"]
[EventDate "2019.08.10"]

1. d4 Nf6 2. c4 g6 3. Nc3 d5 4. Nf3 Bg7 5. Bf4 O-O 6. e3 c5 7. dxc5 Ne4 8. Rc1
Nxc3 9. bxc3 Qa5 10. cxd5 Qxa2 11. Be5 Bxe5 12. Nxe5 Qa3 13. Be2 Nd7 14. Nd3
Nxc5 15. Nxc5 Qxc5 16. Qd4 Qd6 17. O-O e5 18. dxe6 Qxe6 19. Bf3 Qe7 20. Rfd1
Be6 21. Qb4 Qxb4 22. cxb4 Rfd8 23. Rxd8+ Rxd8 24. Bxb7 Rd2 25. h3 Rb2 26. Bc8
Bxc8 27. Rxc8+ Kg7 28. Rc4 Ra2 29. Rc5 Ra4 30. Rb5 a6 31. Rb6 h5 32. g3 a5 33.
bxa5 Rxa5 34. Kg2 Ra4 35. Rb8 Kf6 36. Re8 Rb4 37. e4 Rb3 38. Ra8 Rc3 39. Ra5
Rb3 40. h4 Rc3 41. Rd5 Ra3 42. f4 Ra2+ 43. Kf3 Ra3+ 44. Kf2 Rb3 45. Rd6+ Ke7
46. Rd2 Kf6 47. Re2 Ra3 48. Re3 Ra2+ 49. Kf3 Ke6 50. Rb3 Kf6 51. g4 hxg4+ 52.
Kxg4 Rg2+ 53. Kf3 Rg1 54. Rb6+ Kg7 55. Rb2 Rh1 56. Kg3 Rg1+ 57. Rg2 Re1 58. Kf3
Rh1 59. Kg4 Re1 60. Kf3 Rh1 61. Rg4 Rh3+ 62. Kg2 Re3 63. f5 Kf6 64. fxg6 fxg6
65. Kf2 Rh3 66. Kg2 1/2-1/2

[Event "GCT Saint Louis (rapid) 2019"]
[Site "Saint Louis USA"]
[Date "2019.08.10"]
[Round "2"]
[White "Dominguez Perez, Leinier"]
[Black "Ding, Liren"]
[Result "1/2-1/2"]
[WhiteElo "2763"]
[BlackElo "2805"]
[PlyCount "70"]
[EventDate "2019.08.10"]

1. e4 e5 2. Nf3 Nc6 3. Bc4 Bc5 4. c3 Nf6 5. d3 d6 6. Nbd2 O-O 7. O-O a5 8. h3
Be6 9. Bb5 Qb8 10. b3 Qa7 11. Bb2 Rad8 12. Bxc6 bxc6 13. d4 Bb6 14. Re1 Rfe8
15. Qc2 a4 16. Rad1 h6 17. Nc4 Bxc4 18. bxc4 Nd7 19. c5 dxc5 20. dxe5 c4 21.
Ba3 Qa8 22. Qe2 Nxe5 23. Nxe5 Rxe5 24. Qxc4 Rxd1 25. Rxd1 Qe8 26. Re1 Rd5 27.
Bc1 Qe6 28. Qxa4 Ra5 29. Qd1 Rxa2 30. Be3 Qc4 31. Bxb6 cxb6 32. Qd8+ Kh7 33.
Qxb6 Qxc3 34. Qe3 Qxe3 35. Rxe3 Rc2 1/2-1/2

[Event "GCT Saint Louis (rapid) 2019"]
[Site "Saint Louis USA"]
[Date "2019.08.10"]
[Round "2"]
[White "Rapport, Richard"]
[Black "Carlsen, Magnus"]
[Result "0-1"]
[WhiteElo "2747"]
[BlackElo "2882"]
[PlyCount "70"]
[EventDate "2019.08.10"]

1. Nf3 d5 2. g3 Bg4 3. Bg2 e6 4. c4 c6 5. O-O Nf6 6. cxd5 Bxf3 7. Bxf3 cxd5 8.
d4 Nc6 9. e3 Be7 10. Nc3 O-O 11. Qe2 Rc8 12. Rd1 Qd7 13. Bd2 Rfd8 14. Be1 Ne8
15. Rac1 f5 16. Bg2 Nf6 17. Na4 b6 18. Nc3 Na5 19. Nb1 Nc4 20. Rc2 g5 21. Rdc1
g4 22. Bf1 Ne4 23. b3 Ncd6 24. Qa6 Rxc2 25. Rxc2 Kf7 26. a4 h5 27. a5 Rb8 28.
axb6 Rxb6 29. Qa2 Qb7 30. Ba5 Rxb3 31. Rc7 Qb8 32. Nd2 Rb2 33. Qa4 Nxd2 34. Qd7
Nf3+ 35. Kh1 Qxc7 0-1

[Event "GCT Saint Louis (rapid) 2019"]
[Site "Saint Louis USA"]
[Date "2019.08.10"]
[Round "2"]
[White "Aronian, Levon"]
[Black "Karjakin, Sergey"]
[Result "1-0"]
[WhiteElo "2765"]
[BlackElo "2750"]
[PlyCount "111"]
[EventDate "2019.08.10"]

1. d4 Nf6 2. Nf3 d5 3. e3 e6 4. Nbd2 c5 5. b3 b6 6. Bb2 Bb7 7. Bd3 Nbd7 8. O-O
Bd6 9. dxc5 Bxc5 10. c4 dxc4 11. Nxc4 O-O 12. Qe2 Qe7 13. Rfd1 Rfd8 14. Rac1
Nf8 15. Nce5 Ng6 16. Bxg6 fxg6 17. Nd3 Bd6 18. Be5 Ba6 19. Qe1 Bb7 20. Bxd6
Rxd6 21. Nde5 Rad8 22. Rxd6 Qxd6 23. h3 g5 24. Qc3 h6 25. Qc7 Qxc7 26. Rxc7
Rd1+ 27. Kh2 Bxf3 28. Nxf3 Rf1 29. Nd4 Rxf2 30. Nxe6 Rxa2 31. Rxg7+ Kh8 32. Rg6
Ng8 33. Kg3 Rc2 34. Nd4 Rc7 35. Kf3 Rf7+ 36. Ke2 Kh7 37. Rd6 Nf6 38. Kd3 h5 39.
Nf3 Kg7 40. Nxg5 Re7 41. Kd4 Kg6 42. Nf3 Kg7 43. Ne5 Rc7 44. Rc6 Re7 45. g4
hxg4 46. hxg4 Nh7 47. g5 Nf8 48. Kd5 b5 49. b4 Kg8 50. e4 Re8 51. g6 Rd8+ 52.
Rd6 Re8 53. Nd7 Ra8 54. Nxf8 Kxf8 55. Ra6 Kg7 56. Kc5 1-0